Peter Smithson. Conversaciones con estudiantes: un espacio para nuestra generación
Salvato in:
| Autori principali: | , |
|---|---|
| Natura: | Libro |
| Lingua: | spagnolo |
| Pubblicazione: |
Barcelona
Gustavo Gili
2004
|
| Soggetti: | |
| Tags: |
Aggiungi Tag
Nessun Tag, puoi essere il primo ad aggiungerne!!
|
MARC
| LEADER | 00000nam a2200000 a 4500 | ||
|---|---|---|---|
| 001 | UCI0640 | ||
| 003 | CL-VaPUC | ||
| 008 | 070518e20040000SP |||||||||||||||||spa|d | ||
| 020 | |a 842521940x | ||
| 082 | 0 | 4 | |a 724.6 |b SPE |2 21 |
| 100 | 0 | |a Spellman, Catherine |e author |9 520802 | |
| 700 | 0 | |a Unglaub, Karl |e author |9 520803 | |
| 245 | 1 | 0 | |a Peter Smithson. Conversaciones con estudiantes: un espacio para nuestra generación |
| 300 | |a 96 p | ||
| 942 | |c BK | ||
| 945 | |d 20070518 00:00:00 |a jtorresc | ||
| 260 | |a Barcelona |b Gustavo Gili |c 2004 | ||
| 600 | 0 | 7 | |a SMITHSON, PETER |2 CL-VaPUC |9 520804 |
| 650 | 0 | |a Arquitectura moderna |9 265021 | |
| 650 | 0 | |a Conversaciones |9 314515 | |
| 583 | |a last modification |c 20070518 00:00:00 |k Rodrigo Vera | ||
| 999 | |c 325712 |d 325710 | ||
| 952 | |0 0 |1 0 |4 0 |6 724_600000000000000_SPE_2004 |7 0 |8 A |9 406983 |a BIBARQ |b BIBARQ |d 2019-11-22 |i 4279948 |o 724.6 SPE 2004 |p 4279948 |r 2025-01-20 |w 2019-11-22 |y BK |k ARQ | ||